[Event "World Cup"]
[Site "Khanty-Mansiysk RUS"]
[Date "2007.11.24"]
[Round "1.1"]
[White "Bareev,E"]
[Black "Becerra Rivero,J"]
[Result "1-0"]
[WhiteElo "2653"]
[BlackElo "2568"]
[EventDate "2007.11.24"]

1. d4 Nf6 2. c4 g6 3. Nc3 Bg7 4. e4 d6 5. Be2 O-O 6. Bg5 Nbd7 7. Qd2 a6 8.
Nf3 c6 9. O-O b5 10. Qc2 Bb7 11. a3 bxc4 12. Bxc4 d5 13. Ba2 dxe4 14. Nxe4
c5 15. Nxc5 Bxf3 16. gxf3 Nb6 17. Rad1 Ra7 18. Rfe1 a5 19. f4 Qc8 20. Qb3
Nfd5 21. Qf3 Rd8 22. Kh1 Rc7 23. Rg1 Kh8 24. Bh4 Bf6 25. Bg5 Bg7 26. Bb1
Nf6 27. f5 Qa8 28. Qxa8 Rxa8 29. Ba2 Nfd5 30. fxg6 hxg6 31. h4 e5 32. Nd3
exd4 33. Rc1 Rac8 34. Kg2 Kh7 35. Kf3 Bh6 36. Rxc7 Rxc7 37. Rc1 Rxc1 38.
Nxc1 f6 39. Bxh6 Kxh6 40. Nb3 a4 41. Nxd4 Kh5 42. Kg3 Nc7 43. Ne6 Ne8 44.
Nf4+ Kh6 45. Nd5 Nd7 46. Bb1 Nd6 47. Bc2 Nc4 48. Bxa4 Nc5 49. Bb5 Nxb2 50.
Nxf6 Kg7 51. Nd5 Kf7 52. Nc3 Ke6 53. a4 Nb3 54. Kg4 Nd4 55. a5 Kd6 56. Bf1
Kc5 57. a6 Kb6 58. f4 1-0

[Event "World Cup"]
[Site "Khanty-Mansiysk RUS"]
[Date "2007.11.24"]
[Round "1.1"]
[White "Georgiev,Ki"]
[Black "Megaranto,S"]
[Result "1-0"]
[WhiteElo "2649"]
[BlackElo "2569"]
[EventDate "2007.11.24"]

1. c4 c6 2. Nf3 d5 3. d4 Nf6 4. Nc3 dxc4 5. a4 Bf5 6. Ne5 Nbd7 7. Nxc4 Nb6
8. Ne5 a5 9. g3 e6 10. Bg2 Bb4 11. O-O O-O 12. e3 h6 13. Qe2 Bh7 14. Rd1
Nfd7 15. Nd3 Bxd3 16. Qxd3 Qe7 17. e4 Rfd8 18. Qe2 e5 19. d5 Nf6 20. Be3
Bc5 21. Rac1 Bxe3 22. Qxe3 Nc4 23. Qe2 cxd5 24. exd5 Nd6 25. Re1 Re8 26.
Nb5 Rac8 27. Nxd6 Qxd6 28. Qb5 Qb4 29. Qxb4 axb4 30. d6 b6 31. Rxc8 Rxc8
32. Rxe5 Rc1+ 33. Bf1 Rd1 34. Rb5 Rxd6 35. Rxb4 Nd7 36. Bb5 Nc5 37. Rc4 1-0

[Event "World Cup"]
[Site "Khanty-Mansiysk RUS"]
[Date "2007.11.24"]
[Round "1.1"]
[White "Gajewski,G"]
[Black "Volkov,Sergey1"]
[Result "0-1"]
[WhiteElo "2573"]
[BlackElo "2648"]
[EventDate "2007.11.24"]

1. d4 d5 2. c4 c6 3. Nf3 Nf6 4. Qc2 dxc4 5. Qxc4 Bf5 6. g3 e6 7. Bg2 Nbd7
8. O-O Be7 9. Nc3 O-O 10. Re1 Ne4 11. Qb3 Qb6 12. Nh4 Qxb3 13. axb3 Bb4 14.
Nxf5 exf5 15. Bxe4 fxe4 16. Bd2 Rfe8 17. Nxe4 Rxe4 18. Bxb4 Rxd4 19. Bc3
Rd5 20. Red1 Rxd1+ 21. Rxd1 Nc5 22. b4 Na4 23. Bd4 Rd8 24. Rd3 f6 25. Kg2
Kf7 26. Kf3 Nb6 27. e4 Nc4 28. Ke2 Re8 29. f3 Ke6 30. b3 Ne5 31. Rd2 b6 32.
f4 Nd7 33. Bc3 Rc8 34. Ke3 c5 35. b5 Ke7 36. Kd3 Nf8 37. f5 Nd7 38. Kc4 g6
39. g4 Rg8 40. Kd5 Ne5 41. Bxe5 Rd8+ 42. Kc6 Rxd2 43. Bb8 gxf5 44. exf5 Rd7
45. h3 h6 46. h4 Ke8 47. Bf4 Rg7 48. Bb8 Kd8 49. Kd5 Kd7 0-1

[Event "World Cup"]
[Site "Khanty-Mansiysk RUS"]
[Date "2007.11.24"]
[Round "1.1"]
[White "Socko,B"]
[Black "Georgiev,Vl"]
[Result "1-0"]
[WhiteElo "2646"]
[BlackElo "2576"]
[EventDate "2007.11.24"]

1. e4 e5 2. Nf3 Nc6 3. Bb5 a6 4. Ba4 Nf6 5. O-O Bc5 6. c3 b5 7. Bb3 d6 8.
a4 Ba7 9. d3 h6 10. Be3 O-O 11. axb5 Ne7 12. Bxa7 Rxa7 13. Nbd2 Ng6 14.
bxa6 Nf4 15. g3 Nxd3 16. Qe2 Nc5 17. Bc4 Bd7 18. b4 Na4 19. Ra3 Nb6 20. Bd3
Bg4 21. Qe3 Bh3 22. Rfa1 Ng4 23. Qe1 f5 24. exf5 Qa8 25. c4 Nf6 26. Nh4 Re8
27. Ne4 Nbd7 28. f3 Nh7 29. g4 Ndf6 30. Qg3 Ng5 31. Nxg5 hxg5 32. Ng6 e4
33. Be2 Qb8 34. Qxh3 Qb6+ 35. Kh1 Qxb4 36. Qf1 c6 37. Qg1 c5 38. Qd1 exf3
39. Bxf3 Qxc4 40. Qb3 1-0

[Event "World Cup"]
[Site "Khanty-Mansiysk RUS"]
[Date "2007.11.24"]
[Round "1.1"]
[White "Mamedov,Rau"]
[Black "Tomashevsky,E"]
[Result "1/2-1/2"]
[WhiteElo "2586"]
[BlackElo "2646"]
[EventDate "2007.11.24"]

1. d4 Nf6 2. c4 e6 3. Nf3 d5 4. Nc3 Be7 5. e3 O-O 6. Bd3 c5 7. O-O dxc4 8.
Bxc4 a6 9. Bd3 Nbd7 10. a4 b6 11. b3 Bb7 12. Bb2 cxd4 13. exd4 Nd5 14. Nxd5
Bxd5 15. Bc4 Nf6 16. Qe2 Qc8 17. Ne5 Qb7 18. Bxd5 Nxd5 19. Qf3 Bg5 20. Bc1
Bf6 21. Ba3 Rfc8 22. Nc4 Rc6 23. Rac1 Rd8 24. Rfd1 h6 25. g3 Qc7 26. h4 b5
27. Ne3 bxa4 28. bxa4 Rxc1 29. Rxc1 Qa5 30. Nxd5 Qxd5 31. Qxd5 Rxd5 32.
Rc8+ Kh7 33. Ra8 Ra5 34. Bc5 h5 35. Kg2 g6 36. Ra7 Kg7 37. Ra8 Rxa4 38. Ra7
Ra2 39. Bb6 Kg8 40. Ra8+ Kg7 41. Ra7 g5 42. hxg5 Bxg5 43. Kh3 Kg6 44. f4
Bf6 45. Bc5 a5 46. g4 hxg4+ 47. Kxg4 a4 48. Ra6 Kg7 49. f5 e5 50. dxe5 Bxe5
51. Ra8 Bb2 52. Bf8+ Kh7 53. Ra7 Ra1 54. Kh5 Kg8 55. Ra8 Kh7 56. Ra7 a3 57.
Bxa3 Rxa3 58. Rxf7+ Kg8 59. Rb7 Be5 60. Kg4 Rg3+ 61. Kh4 Rg1 62. Rb6 Kf7
63. Rg6 Rf1 64. Kg5 Rh1 65. Kg4 Bf6 66. Kf4 Ra1 67. Ke4 Ra5 68. Kf4 Ke7 69.
Ke4 Re5+ 70. Kf4 Re1 71. Kf3 Rf1+ 72. Ke4 Kf7 73. Rh6 Bg5 74. Rg6 Rf4+ 75.
Ke5 Rg4 76. Kd5 Rg1 77. Ke4 Rg3 78. Kd5 Rg4 79. Ke5 Bf4+ 80. Ke4 Rh4 81.
Kf3 Bc1 82. Rg4 Rh3+ 83. Ke4 Re3+ 84. Kd4 Re8 85. Rg6 Bb2+ 86. Kd3 Re5 87.
Rb6 Bc1 88. Rb1 Bg5 89. Rf1 Kf6 90. Rf3 Re1 91. Kd4 Ra1 92. Kd5 Ra4 93. Rc3
Kxf5 94. Rc4 Ra1 95. Rc5 Be3 96. Rc8 Rd1+ 97. Kc6 Bd4 98. Re8 Be5 99. Re7
Ke4 100. Rd7 Rh1 101. Kb5 Rc1 102. Rd8 Bd4 103. Rd7 Rc5+ 104. Kb6 Ke5 105.
Rc7 Rc1+ 106. Kb7 Rb1+ 107. Kc8 Ke6 108. Rc6+ Kd5 109. Rc7 Bc5 110. Rf7 Ke6
111. Rb7 Rh1 112. Kc7 Kd5 113. Kd7 Rh8 114. Rc7 Bb6 115. Rb7 Rh7+ 116. Kc8
Rh6 117. Rd7+ Kc6 118. Rc7+ Kb5 119. Re7 Rd6 120. Rd7 Re6 121. Kb7 Bc5 122.
Kc7 Rb6 123. Kc8 Kc4 124. Kc7 Rf6 125. Kb7 Kb5 126. Kc7 Ra6 127. Kb7 Bd6
128. Kc8 Kc5 129. Rb7 Kd5 130. Kd7 Ra8 131. Rb5+ Bc5 132. Rb7 Rf8 133. Kc7
Rf7+ 134. Kc8 1/2-1/2

[Event "World Cup"]
[Site "Khanty-Mansiysk RUS"]
[Date "2007.11.24"]
[Round "1.1"]
[White "Motylev,A"]
[Black "Savchenko,B"]
[Result "1-0"]
[WhiteElo "2645"]
[BlackElo "2583"]
[EventDate "2007.11.24"]

1. e4 c5 2. Nf3 d6 3. d4 Nf6 4. Nc3 cxd4 5. Nxd4 g6 6. Be3 Bg7 7. f3 Nc6 8.
Qd2 O-O 9. Bc4 Qc7 10. Bb3 Nxd4 11. Bxd4 Be6 12. O-O-O Bxb3 13. cxb3 e6 14.
Kb1 Qe7 15. Qf2 b6 16. Rd3 Rad8 17. Rhd1 Rd7 18. g4 Rfd8 19. h4 d5 20. e5
Ne8 21. f4 f6 22. Rf3 Nc7 23. g5 f5 24. a3 h5 25. gxh6 Bxh6 26. h5 g5 27.
fxg5 Bxg5 28. Rg1 Kh8 29. Rxf5 Qh7 30. Rgxg5 Rg7 31. Ka2 exf5 32. e6 Nxe6
33. Rxg7 Nxg7 34. Qh4 Rd7 35. h6 Kg8 36. Qg5 f4 37. Nxd5 Qf5 38. Nf6+ Kf7
39. Qxg7+ 1-0

[Event "World Cup"]
[Site "Khanty-Mansiysk RUS"]
[Date "2007.11.24"]
[Round "1.1"]
[White "Gagunashvili,M"]
[Black "Zhang Pengxiang"]
[Result "1/2-1/2"]
[WhiteElo "2584"]
[BlackElo "2644"]
[EventDate "2007.11.24"]

1. d4 d5 2. c4 c6 3. Nf3 dxc4 4. e3 Be6 5. Qc2 Nf6 6. Bxc4 Bxc4 7. Qxc4
Qa5+ 8. Nbd2 e6 9. O-O Be7 10. a3 O-O 11. b4 Qf5 12. Nb3 Nbd7 13. Bb2 Ne4
14. Rac1 Nd6 15. Qe2 Qb5 16. Qc2 Qf5 17. Qd1 Rfd8 18. Re1 Rac8 19. Qe2 Qb5
20. Qc2 b6 21. Ne5 Qa4 22. Nd3 Nb7 23. Nd2 Qxc2 24. Rxc2 c5 25. Rec1 Rb8
26. bxc5 bxc5 27. Nb3 Bf8 28. g3 cxd4 29. Nxd4 Na5 30. Nb4 Rb7 31. Rc8 Rxc8
32. Rxc8 Rb8 33. Rc7 Rb7 34. Rc8 Rb8 35. Rc7 Rb7 1/2-1/2

[Event "World Cup"]
[Site "Khanty-Mansiysk RUS"]
[Date "2007.11.24"]
[Round "1.1"]
[White "Ganguly,S"]
[Black "Tiviakov,S"]
[Result "0-1"]
[WhiteElo "2585"]
[BlackElo "2643"]
[EventDate "2007.11.24"]

1. e4 d5 2. exd5 Qxd5 3. Nc3 Qd6 4. d4 Nf6 5. Nf3 c6 6. Ne5 Nbd7 7. Nc4 Qc7
8. Qf3 Nb6 9. Bf4 Qd7 10. Be5 Qg4 11. Qxg4 Bxg4 12. Ne3 Be6 13. a4 Nbd7 14.
f4 Ng4 15. Nxg4 Bxg4 16. d5 Nxe5 17. fxe5 O-O-O 18. dxc6 bxc6 19. a5 Rd4
20. Be2 Bf5 21. Bf3 Kc7 22. Ne2 Rb4 23. O-O-O g6 24. Nd4 Bd7 25. c3 Ra4 26.
b4 c5 27. Nb3 e6 28. bxc5 Bg7 29. c6 Bc8 30. Rd4 Ra2 31. Kb1 Rf2 32. Rhd1
Bxe5 33. Rd7+ Bxd7 34. Rxd7+ Kc8 35. Rxa7 Bxc3 36. Nc5 Rb2+ 37. Kc1 Bd4 38.
Rxf7 Re8 39. Bg4 Rf2 40. Rxf2 Bxf2 41. Nxe6 Re7 42. Kc2 Kb8 43. Kd3 h5 44.
Bh3 Bg1 45. Kc4 Bxh2 46. Nd4 Bc7 47. a6 Ka7 48. Bc8 Kb6 49. Ne6 Re8 50. Bd7
Ra8 51. Nc5 g5 52. Ne4 Rxa6 53. Nf6 Ra4+ 54. Kd3 Be5 55. Nxh5 g4 56. Ke3 g3
57. Kf3 Kc7 58. Be8 Ra2 59. Ke4 Rxg2 60. Kxe5 Re2+ 61. Kf4 g2 0-1

[Event "World Cup"]
[Site "Khanty-Mansiysk RUS"]
[Date "2007.11.24"]
[Round "1.1"]
[White "Milos,G"]
[Black "Avrukh,B"]
[Result "1/2-1/2"]
[WhiteElo "2592"]
[BlackElo "2641"]
[EventDate "2007.11.24"]

1. d4 d5 2. c4 c6 3. Nc3 Nf6 4. e3 e6 5. Nf3 Nbd7 6. Qc2 Bd6 7. b3 O-O 8.
Be2 b6 9. O-O Bb7 10. Bb2 Qe7 11. Rad1 Rad8 12. Rfe1 Rfe8 13. Bd3 Bb8 14.
e4 dxc4 15. Bxc4 b5 16. Bf1 e5 17. d5 Qc5 18. dxc6 Bxc6 19. Qe2 a6 20. Rc1
Qb6 21. Red1 Ba7 22. Rd6 Nc5 23. Rxd8 Qxd8 24. b4 Ne6 25. Qe1 Nd4 26. Nd2
Qd6 27. a3 Rd8 28. Nd1 Bb7 29. Bc3 h6 30. Nb2 Rc8 31. Nd3 Qe6 32. h3 Qd6
33. Kh2 Nd7 34. Bb2 Rd8 35. Kg1 Ba8 36. Kh1 Nf8 37. Nc5 Nfe6 38. Ndb3 Nxb3
39. Nxb3 Bb6 40. f3 Ba7 41. Be2 Nd4 42. Bd1 Bb7 43. Nc5 Bc8 44. Qg3 Bb8
1/2-1/2

[Event "World Cup"]
[Site "Khanty-Mansiysk RUS"]
[Date "2007.11.24"]
[Round "1.1"]
[White "Sakaev,K"]
[Black "Vitiugov,N"]
[Result "1/2-1/2"]
[WhiteElo "2634"]
[BlackElo "2594"]
[EventDate "2007.11.24"]

1. d4 Nf6 2. c4 e6 3. Nf3 d5 4. Nc3 Bb4 5. cxd5 exd5 6. Bg5 Nbd7 7. Qa4 c5
8. dxc5 Bxc3+ 9. bxc3 O-O 10. Qb4 h6 11. Bh4 a5 12. Qd4 Re8 13. Nd2 Qc7 14.
e3 g5 15. Bg3 Qxc5 16. Be2 Ne4 17. Nxe4 Rxe4 18. Qd2 Nf6 19. O-O Bd7 20.
Qb2 Bc6 21. c4 Re6 22. Be5 Ne4 23. Bd4 Qb4 24. Rfc1 Qxb2 25. Bxb2 dxc4 26.
Bxc4 Ree8 27. Be2 Red8 28. Bd4 Nd6 29. Rc5 Ne4 30. Rc2 Nd6 31. Rac1 a4 32.
Rc5 Ne4 33. Re5 Re8 34. Rf5 Rac8 35. Re5 Rxe5 36. Bxe5 Rd8 37. Bd4 f5 38.
f3 Nd6 39. Kf2 Kf7 40. Rc5 Rc8 41. Bd3 Bd7 42. Rd5 Rc6 43. a3 b5 44. h3 Be6
45. Re5 Rc1 46. Bxb5 Rc2+ 47. Kg1 Nxb5 48. Rxb5 h5 49. Rb7+ Kf8 50. Bg7+
Kg8 51. Bh6 g4 52. Rg7+ Kh8 53. Rg5 Kh7 54. Bf8 gxf3 55. gxf3 h4 56. Bd6
Rd2 57. Bb4 Re2 58. Bc5 Kh6 59. f4 Rc2 60. Bf8+ Kh7 61. Rh5+ Kg8 62. Bd6
Re2 63. Bc5 Rc2 64. Bd4 Ra2 65. Rxh4 Rxa3 66. Rh8+ Kf7 67. h4 Rd3 68. h5
Rd1+ 69. Kh2 Bd5 70. Rh7+ Ke6 71. h6 Rh1+ 72. Kg3 Kd6 73. Rh8 Bc6 74. h7
Bd7 75. Bf6 Rh5 76. Bb2 Kd5 77. Kf3 Rh3+ 78. Kg2 Rh5 79. Bg7 Ke6 80. Bb2
Kd5 81. Bd4 a3 82. Ra8 Rxh7 83. Rxa3 Bc6 84. Kg3 Kd6 85. Ra6 Rh6 86. Be5+
Kd5 87. Ra5+ Kc4 88. Ra6 Kb5 89. Ra7 Be4 90. Rd7 Kc6 91. Re7 Kd5 92. Bd4
Kd6 93. Re5 Kd7 94. Kf2 Rh2+ 95. Ke1 Kd6 96. Ra5 1/2-1/2

[Event "World Cup"]
[Site "Khanty-Mansiysk RUS"]
[Date "2007.11.24"]
[Round "1.1"]
[White "Macieja,B"]
[Black "Laznicka,V"]
[Result "1-0"]
[WhiteElo "2606"]
[BlackElo "2610"]
[EventDate "2007.11.24"]

1. e4 e6 2. d4 d5 3. Nc3 dxe4 4. Nxe4 Nd7 5. Nf3 Ngf6 6. Nxf6+ Nxf6 7. Bg5
h6 8. Bh4 c5 9. Bb5+ Bd7 10. Bxd7+ Qxd7 11. Qe2 cxd4 12. O-O-O Bc5 13. Qe5
Be7 14. Nxd4 Qa4 15. Qc7 Rd8 16. Nf5 Rd7 17. Qc8+ Rd8 18. Nxg7+ 1-0

[Event "World Cup"]
[Site "Khanty-Mansiysk RUS"]
[Date "2007.11.24"]
[Round "1.1"]
[White "Kozul,Z"]
[Black "Bruzon Batista,L"]
[Result "1/2-1/2"]
[WhiteElo "2609"]
[BlackElo "2607"]
[EventDate "2007.11.24"]

1. d4 d5 2. c4 c6 3. Nf3 Nf6 4. Nc3 e6 5. e3 Nbd7 6. Bd3 Bd6 7. e4 dxe4 8.
Nxe4 Nxe4 9. Bxe4 e5 10. O-O exd4 11. Qxd4 Qf6 12. Bc2 Qxd4 13. Nxd4 Ne5
14. b3 O-O 15. h3 Re8 16. Bb2 f6 17. Rad1 Bc5 18. Bc3 a5 19. a4 Bb6 20.
Rfe1 Bxh3 21. Kf1 Bd7 22. Nf5 Bxf5 1/2-1/2

[Event "World Cup"]
[Site "Khanty-Mansiysk RUS"]
[Date "2007.11.24"]
[Round "1.1"]
[White "Galkin,A"]
[Black "Bartel,Mat"]
[Result "1-0"]
[WhiteElo "2608"]
[BlackElo "2608"]
[EventDate "2007.11.24"]

1. e4 e6 2. d4 d5 3. Nc3 Nf6 4. Bg5 dxe4 5. Nxe4 Nbd7 6. Nf3 h6 7. Nxf6+
Nxf6 8. Bh4 c5 9. c3 cxd4 10. Qa4+ Bd7 11. Qxd4 Bc6 12. O-O-O Qxd4 13. Nxd4
O-O-O 14. Nxc6 Rxd1+ 15. Kxd1 bxc6 16. f3 Kb7 17. Bf2 Bd6 18. Kc2 Bc7 19.
c4 Rd8 20. Be2 Bf4 21. Be1 Nd7 22. g3 Bc7 23. Bc3 Be5 24. Ba5 Bc7 25. Bc3
Be5 26. Bd2 Bc7 27. b4 a5 28. a3 axb4 29. axb4 Ra8 30. Kb3 Be5 31. f4 Ra1
32. Bf3 Rxh1 33. Bxh1 Bd4 34. b5 Nb8 35. Ba5 Kc8 36. bxc6 Bg1 37. h3 Bh2
38. Be1 Kc7 39. Bf2 g5 40. fxg5 hxg5 41. Kc3 f5 42. h4 gxh4 43. gxh4 Bf4
44. h5 Nxc6 45. Bxc6 Kxc6 46. Be1 Be5+ 47. Kd3 Bf6 48. h6 e5 49. h7 Kc5 50.
Kc3 Bh8 51. Bf2+ Kc6 52. Ba7 Kb7 53. Be3 Kc6 54. Bc1 Bf6 55. Bg5 Bh8 56.
Bc1 Bf6 57. Ba3 Bh8 58. Kd3 Bf6 59. Be7 Bh8 60. Bb4 Bf6 61. Ke3 Kd7 62. Kf3
Ke6 63. Ba5 Kd7 64. Kg3 Ke7 65. Bb6 Kd7 66. Kh3 e4 67. Kg3 Be5+ 68. Kh4 Ke6
69. Kg5 Bf6+ 70. Kf4 Bb2 71. Be3 Bf6 72. Bc1 Bd4 73. Bd2 Bf6 74. Be3 Bc3
75. Kg5 Kf7 76. Kh6 Be5 77. Kg5 Kg7 78. c5 Kxh7 79. Kxf5 Bc7 80. Kxe4 Kg6
81. Kd5 Kf5 82. c6 Kf6 83. Bc5 Kf7 84. Bd6 Ba5 85. Bg3 Ke8 86. Bh4 Bc7 87.
Bf6 Ba5 88. Kd6 Bd8 89. Ke6 Bc7 90. Kd5 Ba5 91. Kc5 Bc7 92. Kb5 Kf7 93. Bg5
Ke6 94. Ka6 Kd5 95. Kb7 Ba5 96. Be3 1-0

[Event "World Cup"]
[Site "Khanty-Mansiysk RUS"]
[Date "2007.11.25"]
[Round "1.2"]
[White "Genba,V"]
[Black "Radjabov,T"]
[Result "0-1"]
[WhiteElo "2413"]
[BlackElo "2742"]
[EventDate "2007.11.24"]

1. e4 e5 2. Nf3 Nc6 3. Bb5 a6 4. Ba4 Nf6 5. O-O b5 6. Bb3 Bc5 7. c3 d6 8.
d4 Bb6 9. h3 O-O 10. Be3 Na5 11. Bc2 Nc4 12. Bc1 exd4 13. cxd4 Bb7 14. b3
Na5 15. Nbd2 Nc6 16. Bb2 Ne7 17. d5 Nd7 18. Nd4 c5 19. dxc6 Bxc6 20. Qg4
Ne5 21. Qg3 Bd7 22. Kh1 Rc8 23. Rac1 f6 24. f4 N5c6 25. N4f3 d5 26. e5 d4
27. exf6 Rxf6 28. Ne4 Rh6 29. Nh4 Nf5 30. Nxf5 Bxf5 31. b4 Qd7 32. Bb3+ Kh8
33. Ng5 Rf6 34. a3 h6 35. Nf3 Be4 36. Rfe1 Re8 37. Nh4 Qd6 38. Rxe4 Rxe4
39. Bc2 Rexf4 40. Ng6+ Rxg6 41. Qxg6 Qxg6 42. Bxg6 Ne7 43. Bd3 Kg8 44. Kg1
Kf7 45. a4 bxa4 46. Ra1 Nc6 47. Rxa4 Ne5 48. Ra3 Nxd3 49. Rxd3 Ke6 50. g3
Re4 51. Kf2 Kd5 52. Kf3 Re6 53. Ra3 Bc7 54. Rd3 Bd6 55. Bc1 Kc4 56. Rd1
Kxb4 57. Kg4 Kc4 58. h4 0-1

[Event "World Cup"]
[Site "Khanty-Mansiysk RUS"]
[Date "2007.11.25"]
[Round "1.2"]
[White "Gwaze,R"]
[Black "Shirov,A"]
[Result "0-1"]
[WhiteElo "2429"]
[BlackElo "2739"]
[EventDate "2007.11.24"]

1. e4 c5 2. Nf3 d6 3. d4 cxd4 4. Nxd4 Nf6 5. Nc3 a6 6. f3 e5 7. Nb3 Be6 8.
Be3 Be7 9. Qd2 O-O 10. O-O-O a5 11. Bb5 Na6 12. Kb1 Nc7 13. Bb6 Qc8 14.
Bxc7 Qxc7 15. Nc1 Rfd8 16. Nd5 Nxd5 17. exd5 Bd7 18. Bxd7 Rxd7 19. Ne2 b5
20. f4 b4 21. Rc1 Qb6 22. Rhf1 Bf6 23. c3 b3 24. a3 Re8 25. f5 e4 26. g3
Qa6 27. Rcd1 Rc7 28. Nf4 e3 29. Qd3 Qxd3+ 30. Rxd3 e2 31. Re1 Bg5 32. Rd4
Rce7 33. Ra4 h5 34. f6 Re3 35. fxg7 h4 36. Rd4 hxg3 37. hxg3 Rxg3 0-1

[Event "World Cup"]
[Site "Khanty-Mansiysk RUS"]
[Date "2007.11.25"]
[Round "1.2"]
[White "Svidler,P"]
[Black "Iturrizaga,E"]
[Result "1-0"]
[WhiteElo "2732"]
[BlackElo "2435"]
[EventDate "2007.11.24"]

1. e4 c5 2. Nf3 Nc6 3. d4 cxd4 4. Nxd4 g6 5. c4 Nf6 6. Nc3 d6 7. Nc2 Bg7 8.
Be2 O-O 9. O-O Nd7 10. Bd2 Nc5 11. b4 Ne6 12. Rc1 b6 13. Nd5 Bb7 14. Be3
Rc8 15. Qd2 Qd7 16. f4 Nc7 17. f5 Nxd5 18. exd5 Ne5 19. Nd4 Qa4 20. Bd1 Qa3
21. Be2 Qa4 22. a3 Ba6 23. b5 Bb7 24. Qb4 Qxb4 25. axb4 Rc7 26. Nc6 Bc8 27.
fxg6 hxg6 28. h3 Re8 29. c5 bxc5 30. bxc5 dxc5 31. Bxc5 Bh6 32. Ra1 Nxc6
33. dxc6 1-0

[Event "World Cup"]
[Site "Khanty-Mansiysk RUS"]
[Date "2007.11.25"]
[Round "1.2"]
[White "Alekseev,Evgeny"]
[Black "Ismagambetov,An"]
[Result "1-0"]
[WhiteElo "2716"]
[BlackElo "2479"]
[EventDate "2007.11.24"]

1. e4 e6 2. d4 d5 3. Nc3 dxe4 4. Nxe4 Nd7 5. Nf3 Ngf6 6. Bd3 Nxe4 7. Bxe4
Nf6 8. Bg5 Qd6 9. Bxf6 gxf6 10. c3 f5 11. Bc2 Bg7 12. Qe2 Bd7 13. Bxf5
O-O-O 14. Bc2 h5 15. O-O-O Bc6 16. Be4 Qf4+ 17. Nd2 Bd5 18. Kb1 e5 19. Qe3
Qf6 20. dxe5 Qxe5 21. Qf3 Be6 22. Bxb7+ Kb8 23. Ba6 Qf5+ 24. Ka1 Qd5 25.
Qxd5 Rxd5 26. Nc4 Rc5 27. Ne3 c6 28. Rd2 Kc7 29. Rc1 Rb8 30. g3 h4 31. Bd3
hxg3 32. hxg3 Rd8 33. Rdd1 Rh8 34. Rh1 Rd8 35. Bb1 Rd2 36. Rc2 Rd8 37. Rh7
Bf6 38. f4 Kb6 39. g4 Re8 40. g5 Bd8 41. b4 Rb5 42. a4 Bf5 43. Nc4+ 1-0

[Event "World Cup"]
[Site "Khanty-Mansiysk RUS"]
[Date "2007.11.25"]
[Round "1.2"]
[White "Lima,Da"]
[Black "Grischuk,A"]
[Result "1/2-1/2"]
[WhiteElo "2487"]
[BlackElo "2715"]
[EventDate "2007.11.24"]

1. e4 e5 2. Nf3 Nc6 3. Bb5 a6 4. Ba4 Nf6 5. O-O Be7 6. Re1 b5 7. Bb3 O-O 8.
c3 d5 9. exd5 Nxd5 10. Nxe5 Nxe5 11. Rxe5 c6 12. d4 Bd6 13. Re1 Qh4 14. g3
Qh3 15. Re4 g5 16. Qf3 Bf5 17. Nd2 Rae8 18. Bxd5 cxd5 19. Re3 Rxe3 20. Qxe3
f6 21. Nf1 Bg6 22. f3 Re8 23. Qf2 Bd3 24. Be3 Bxf1 25. Rxf1 Bxg3 26. hxg3
Rxe3 27. Qxe3 1/2-1/2

[Event "World Cup"]
[Site "Khanty-Mansiysk RUS"]
[Date "2007.11.25"]
[Round "1.2"]
[White "Ponomariov,R"]
[Black "El Gindy,E"]
[Result "1-0"]
[WhiteElo "2705"]
[BlackElo "2503"]
[EventDate "2007.11.24"]

1. e4 c5 2. Nf3 d6 3. d4 cxd4 4. Nxd4 Nf6 5. Nc3 Nc6 6. Bg5 Bd7 7. Qd2 Nxd4
8. Qxd4 Qa5 9. h4 Rc8 10. f3 a6 11. O-O-O Qc5 12. Qd2 h6 13. Be3 Qa5 14.
Kb1 e6 15. g4 Be7 16. Rg1 g5 17. Rh1 Rg8 18. hxg5 hxg5 19. Rh6 Bc6 20. Rxf6
Bxf6 21. Nd5 Bd8 22. Nf6+ Kf8 23. Qxa5 Bxa5 24. Nxg8 Kxg8 25. Bxg5 Bd8 26.
Bd2 d5 27. e5 Kg7 28. Bg2 Bc7 29. f4 Bb5 30. Rh1 Rg8 31. Bf3 Rh8 32. Rxh8
Kxh8 33. Be3 Kg7 34. Kc1 Ba5 35. c3 Bf1 36. Kd2 Bd8 37. Bd4 Bh4 38. Ke3 Kf8
39. Bd1 Bg2 40. Bc2 Bf1 41. Kf3 Be1 42. a3 Ke8 43. Bf2 Bd2 44. Be3 Be1 45.
f5 Bh4 46. f6 Kf8 47. Bh7 Bh3 48. g5 Ke8 49. Kf4 Bg2 50. g6 Be4 51. gxf7+
Kxf7 52. Bxe4 dxe4 53. Kxe4 Bg3 54. Bd4 Ke8 55. Kf3 Be1 56. Bf2 Bd2 57. Be3
Be1 58. Bf4 Kd7 59. Ke2 Bh4 60. c4 1-0

[Event "World Cup"]
[Site "Khanty-Mansiysk RUS"]
[Date "2007.11.25"]
[Round "1.2"]
[White "Bacrot,E"]
[Black "Laylo,D"]
[Result "1-0"]
[WhiteElo "2695"]
[BlackElo "2486"]
[EventDate "2007.11.24"]

1. d4 d5 2. c4 c6 3. Nc3 Nf6 4. Nf3 a6 5. a4 e6 6. g3 dxc4 7. Bg2 c5 8.
dxc5 Qxd1+ 9. Nxd1 Nc6 10. Ne3 Na5 11. Nd2 Bxc5 12. Nexc4 Nxc4 13. Nxc4 Nd5
14. O-O Bd7 15. Rd1 Rc8 16. Ne5 Bc6 17. Bd2 O-O 18. Nxc6 bxc6 19. Rac1 Be7
20. Be1 Rfe8 21. Ba5 h6 22. e3 Bd8 23. Be1 Bf6 24. b3 Ne7 25. b4 Nd5 26. e4
Nb6 27. a5 Na8 28. Rd6 c5 29. bxc5 Nc7 30. Bf1 Be7 31. Rb6 Na8 32. Rxa6
Rxc5 33. Rxc5 Bxc5 34. Rc6 Bd4 35. Bb4 Be5 36. Bc5 Rb8 37. a6 Bc7 38. a7
Rb7 39. Ba6 Rb1+ 40. Kg2 Kh7 41. e5 Rb2 42. Bd4 Rb4 43. Bd3+ g6 44. Rc4 1-0

[Event "World Cup"]
[Site "Khanty-Mansiysk RUS"]
[Date "2007.11.25"]
[Round "1.2"]
[White "Matsuura,E"]
[Black "Karjakin,Sergey"]
[Result "0-1"]
[WhiteElo "2511"]
[BlackElo "2694"]
[EventDate "2007.11.24"]

1. e4 e5 2. Nf3 Nc6 3. Bb5 Nf6 4. d3 Bc5 5. O-O Nd4 6. Nxd4 Bxd4 7. Nd2 c6
8. Ba4 d6 9. Bb3 O-O 10. c3 Bb6 11. Nc4 Bc7 12. Bg5 h6 13. Bh4 a5 14. Ne3
Bb6 15. Nf5 Bxf5 16. exf5 d5 17. Kh1 Re8 18. Qf3 e4 19. dxe4 Rxe4 20. Bg3
Bc7 21. Bc2 Re7 22. Rfe1 Bxg3 23. Qxg3 a4 24. Re3 Rxe3 25. Qxe3 Qc7 26. Re1
Ng4 27. Qg3 Qxg3 28. fxg3 Kf8 29. h3 Nf6 30. a3 b5 31. Kg1 Re8 32. Rf1 Re2
33. Rf2 Re1+ 34. Rf1 Rxf1+ 35. Kxf1 Ke7 36. Ke2 Kd6 37. Ke3 Ke5 38. g4 Nd7
39. Bd3 Nb6 40. Be2 Nc4+ 41. Bxc4 bxc4 42. h4 c5 43. Kf3 d4 44. g3 g6 45.
fxg6 fxg6 0-1

[Event "World Cup"]
[Site "Khanty-Mansiysk RUS"]
[Date "2007.11.25"]
[Round "1.2"]
[White "Hossain,Enam"]
[Black "Eljanov,P"]
[Result "1-0"]
[WhiteElo "2514"]
[BlackElo "2691"]
[EventDate "2007.11.24"]

1. e4 e5 2. Nf3 Nc6 3. Bb5 Nf6 4. d3 Bc5 5. Bxc6 dxc6 6. Bg5 Qd6 7. Nbd2
Be6 8. Nc4 Bxc4 9. Bxf6 Qxf6 10. dxc4 Qe6 11. O-O Qxc4 12. Nxe5 Qe6 13. Qh5
Bb6 14. Nf3 O-O 15. a4 a5 16. e5 h6 17. b3 Rad8 18. Rae1 Rd5 19. Nh4 Re8
20. Nf3 Red8 21. g3 Bc5 22. Kg2 Be7 23. Re3 Rc5 24. Re2 Rc3 25. h3 c5 26.
Rfe1 c4 27. bxc4 b6 28. Re4 c5 29. Nh4 Rxc2 30. Nf5 Bf8 31. Ne3 Ra2 32. Nd5
Rxa4 33. Nf4 Qe8 34. e6 fxe6 35. Qg4 Rd4 36. Nxe6 Rxe4 37. Rxe4 Qa8 38. Kh2
b5 39. Nxg7 Bxg7 40. Re7 Qf8 41. Qe6+ Kh7 42. Qe4+ Kh8 43. Re8 Rxc4 44.
Rxf8+ Bxf8 45. Qe8 Kg8 46. Qxb5 Rd4 47. Qxa5 c4 48. h4 Bg7 49. Kg2 Kh8 50.
Qa8+ Kh7 51. Qc8 Bh8 52. g4 c3 53. g5 hxg5 54. hxg5 Bg7 55. Kg3 Be5+ 56.
Kh3 Bg7 57. Qc5 Rd2 58. Kg4 Kh8 59. Qc8+ Kh7 60. g6+ Kh6 61. Qf5 1-0

[Event "World Cup"]
[Site "Khanty-Mansiysk RUS"]
[Date "2007.11.25"]
[Round "1.2"]
[White "Almasi,Z"]
[Black "Wen Yang"]
[Result "1/2-1/2"]
[WhiteElo "2691"]
[BlackElo "2515"]
[EventDate "2007.11.24"]

1. e4 e5 2. Nf3 Nc6 3. Bb5 a6 4. Ba4 Nf6 5. O-O Bc5 6. c3 b5 7. Bb3 d6 8.
h3 Bb6 9. d3 Ne7 10. a4 Bb7 11. Na3 Ng6 12. Re1 O-O 13. Nc2 Re8 14. Be3
Bxe3 15. Nxe3 Nd7 16. Bc2 Nf6 17. Bb3 h6 18. axb5 axb5 19. Rxa8 Bxa8 20.
Kh2 Qd7 21. Qd2 Nh7 22. Bc2 c5 23. Nf5 d5 24. Qe3 c4 25. Ng3 cxd3 26. Qxd3
Qc7 27. Qe2 b4 28. exd5 bxc3 29. bxc3 e4 30. Nd4 Qxc3 31. Qe3 Qc7 32. d6
Qxd6 33. Ndf5 Qc7 34. Bb3 Bb7 1/2-1/2

[Event "World Cup"]
[Site "Khanty-Mansiysk RUS"]
[Date "2007.11.25"]
[Round "1.2"]
[White "Van Wely,L"]
[Black "Nguyen Ngoc Truong Son"]
[Result "1/2-1/2"]
[WhiteElo "2679"]
[BlackElo "2530"]
[EventDate "2007.11.24"]

1. d4 d5 2. c4 c6 3. Nf3 Nf6 4. Nc3 a6 5. a4 e6 6. Bg5 Nbd7 7. a5 Be7 8. e3
O-O 9. Be2 Ne4 10. Bxe7 Qxe7 11. O-O f5 12. Ne1 Kh8 13. Na4 Rb8 14. b3 Nef6
15. Nc3 Rd8 16. Qc2 Nf8 17. Nd3 Bd7 18. Qb2 Be8 19. Qa3 Qxa3 20. Rxa3 N8d7
21. Rc1 Bf7 22. Na4 Kg8 23. h3 g5 24. f3 Kf8 25. Kf2 Re8 26. Ne5 f4 27. Nb6
Rbd8 28. exf4 gxf4 29. Nbxd7+ Nxd7 30. Nd3 Nf6 31. Nxf4 dxc4 32. bxc4 Rxd4
33. Nd3 Nd7 34. Rb3 Bg6 35. c5 Rd5 36. Rbc3 e5 37. Nb2 Nf6 38. Rb3 Re7 39.
g4 Rd4 40. Rc4 Nd5 41. Rxd4 1/2-1/2